000 00535nam a2200181Ia 4500
005 20250508154543.0
008 008 250505s9999 xx 000 0 eng d
037 _aReference
040 _aFEDL
_beng
_cFEDL
041 _aeng
_2eng
084 _a370, UNE
_qFEDL
245 0 _aWorld survey of education
245 0 _cUNESCO (Paris France)
260 _aParis, France
_bUnited Nations Educational, Scientific and Cultural Organization
_c1966
300 _a1433p
942 _cREF
_h370, UNE
999 _c1350890
_d1350890